Welcome to the Holygrace Academy Library

Please use search bar below to get started

TWO MINUTE KITTEN TALES (Record no. 4989)

MARC details
000 -LEADER
fixed length control field 00324nam a22001457a 4500
020 ## - INTERNATIONAL STANDARD BOOK NUMBER
ISBN 0-7214-1681-0
082 ## - DEWEY DECIMAL CLASSIFICATION NUMBER
Classification number 8316
Item number STI/T
100 ## - MAIN ENTRY--AUTHOR NAME
Personal name STIMSON, JOAN
245 ## - TITLE STATEMENT
Title TWO MINUTE KITTEN TALES
260 ## - PUBLICATION, DISTRIBUTION, ETC. (IMPRINT)
Place of publication UK
Name of publisher LADYBIRD
300 ## - PHYSICAL DESCRIPTION
Number of Pages 43
520 ## - SUMMARY, ETC.
Summary, etc ENGLISH SHORT STORY
650 ## - SUBJECT ADDED ENTRY--TOPICAL TERM
Topical Term ENGLISH SHORT STORY
Geographic subdivision UK
942 ## - ADDED ENTRY ELEMENTS (KOHA)
Koha item type Books
Holdings
Withdrawn status Lost status Collection code Home library Current library Shelving location Date acquired Source of acquisition Full call number Accession Number Koha item type
    Fiction Main Library Main Library SHELF-3-H-LADYBIRD STORY BOOKS 27/03/2014 PURCHASE 8316 STI/T 08316 Books